000 00677nam a2200229 a 4500
001 BRCA_6871
005 20190320205626.0
008 111111s1922----u--#######---#000-0#eng-#
041 _aeng
044 _au
050 4 _aRC343
_b.J33 1922
245 1 0 _aOutwitting our nerves
_ba primer of psychotherapy
_cby Josephine A. Jackson ; Helen M. Salisbury
260 _aNueva York
_bThe Century Co.
_c1922
300 _a403 p.
_c20 cm.
500 _aO62
650 1 4 _aSistema nervioso
_xenfermedades
_917118
650 1 4 _aPsicoanálisis
_917119
700 1 _aJackson, Josephine A.
_eaut.
_917120
700 1 _aSalisbury, Helen M.
_ecoaut.
_917121
902 _aGFM
942 _2lcc
_cB
999 _c6553
_d6553